Pierwsze litery tablic rejestracyjnych - klikanie - Statystyki

Ogólne statystyki
  • Ten quiz został rozwiązany 52 razy
  • Średni wynik to 13 z 16
Statystyki odpowiedzi
Hint Odpowiedź % Poprawnych
D Dolnośląskie
96%
O Opolskie
93%
Z Zachodniopomorskie
91%
L Lubelskie
89%
K Małopolskie
87%
B Podlaskie
87%
W Mazowieckie
84%
S Śląskie
82%
C Kujawsko-Pomorskie
80%
N Warmińsko-Mazurskie
80%
E Łódzkie
78%
G Pomorskie
76%
R Podkarpackie
73%
T Świętokrzyskie
73%
P Wielkopolskie
73%
F Lubuskie
69%
Nie znaleziono quizów pasujących do podanych kryteriów
Rozkład punktacji
Procent ludzi z każdym wynikiem
Percentyl według liczby udzielonych odpowiedzi
Twoja historia wyników
Nie rozwiązałeś tego quizu